[Event "World Blitz Women 2022"]
[Site "Almaty KAZ"]
[Date "2022.12.30"]
[Round "16.25"]
[White "Mkrtchyan, Mariam"]
[Black "Balabayeva, Xeniya"]
[Result "1/2-1/2"]
[WhiteTitle "WIM"]
[BlackTitle "WIM"]
[WhiteElo "2364"]
[BlackElo "2183"]
[WhiteFideId "13310828"]
[BlackFideId "13719688"]
[EventDate "2022.12.29"]

1. d4 d5 2. c4 e6 3. Nf3 Nf6 4. g3 Be7 5. Bg2 O-O 6. O-O c6 7. Nc3 b6 8. Nd2 Ba6
9. b3 b5 10. c5 b4 11. Na4 Nbd7 12. Re1 e5 13. e3 e4 14. f3 exf3 15. Qxf3 Bd3
16. Nb2 Be4 17. Qf4 Bxg2 18. Kxg2 Re8 19. Nd3 a5 20. e4 dxe4 21. Nxe4 Nxe4 22.
Rxe4 Nf6 23. Re1 Qd5+ 24. Qf3 Qxd4 25. Bb2 Qd5 26. Ne5 Rac8 27. Rac1 Bxc5 28.
Qxd5 cxd5 29. Nd3 Rxe1 30. Nxe1 Rc7 31. Be5 Re7 32. Bxf6 gxf6 33. Rxc5 Rxe1 34.
Rxa5 d4 35. Rd5 Re2+ 36. Kh3 Rd2 37. Kg4 Kg7 38. h4 d3 39. Kf3 Kg6 40. Ke3 Rxa2
41. Rxd3 Rc2 42. Kd4 h5 43. Rf3 f5 44. Ke5 Rc3 45. Rf4 Rxb3 46. Rc4 Rxg3 47.
Rxb4 Re3+ 48. Kf4 Re4+ 49. Rxe4 fxe4 50. Kxe4 f5+ 51. Ke5 f4 52. Kxf4 Kf6 1/2-1/2

[Event "World Blitz Women 2022"]
[Site "Almaty KAZ"]
[Date "2022.12.30"]
[Round "16.26"]
[White "Voit, Daria"]
[Black "Munkhzul, Turmunkh"]
[Result "1-0"]
[WhiteTitle "WGM"]
[BlackTitle "WIM"]
[WhiteElo "2347"]
[BlackElo "2318"]
[WhiteFideId "4182146"]
[BlackFideId "4901878"]
[EventDate "2022.12.29"]

1. d4 Nf6 2. c4 g6 3. g3 Bg7 4. Bg2 O-O 5. Nc3 d6 6. Nf3 Nbd7 7. O-O e5 8. e4
exd4 9. Nxd4 Re8 10. h3 Nc5 11. Re1 a5 12. Qc2 Nfd7 13. Be3 Ne5 14. b3 Ned3 15.
Red1 Nb4 16. Qe2 Ne6 17. Nxe6 Bxe6 18. Rac1 Qe7 19. Nd5 Bxd5 20. cxd5 Na6 21. a3
Qd7 22. Rc2 b6 23. Rdc1 Nc5 24. b4 axb4 25. axb4 Nb3 26. Rd1 Qa4 27. Rxc7 Qxb4
28. Rc6 b5 29. Rb6 Reb8 30. Rxb8+ Rxb8 31. Rb1 Qc3 32. Bf1 b4 33. Qa6 Be5 34.
Qa7 Rc8 35. Qb7 Re8 36. Qb5 Rc8 37. Qb7 Rf8 38. Qc6 Rc8 39. Qxc3 Rxc3 40. Kg2 h5
41. h4 Kf8 42. Bb5 Ke7 43. Kf1 Bxg3 44. Ba4 Rxe3 45. Bxb3 Rf3 46. Kg2 Rxf2+ 47.
Kxg3 Re2 48. Bc4 Rxe4 49. Rxb4 Kf6 50. Ra4 Ke5 51. Bb3 Re3+ 52. Kf2 Rxb3 53. Ra7
f5 54. Re7+ Kf4 55. Re6 Rb2+ 56. Kf1 Kf3 57. Ke1 Kg4 58. Rxg6+ Kxh4 59. Rxd6 Kg4
60. Rg6+ Kf3 61. d6 Rb4 62. Rg5 Re4+ 63. Kf1 f4 64. Rd5 Ra4 65. Rd3+ Ke4 66. d7
Kxd3 67. d8=Q+ Rd4 68. Qg5 Ke3 69. Qxh5 f3 70. Qe5+ Re4 71. Qg5+ Kd3 72. Kf2 Rd4
73. Kxf3 Kc3 74. Qc5+ Rc4 75. Qe5+ Kd3 76. Qd5+ Kc3 77. Ke3 Kb4 78. Kd3 Rc3+ 79.
Kd4 Rc2 80. Qb7+ Ka3 81. Qa6+ Kb3 82. Qb5+ Ka3 83. Kd3 Rb2 84. Qa6+ Kb3 85. Qa5
Rb1 86. Qb5+ Ka2 87. Qa4+ Kb2 88. Qc2+ Ka1 89. Qc3+ Ka2 90. Qa5+ Kb2 91. Qa4 Rc1
92. Qb4+ Ka2 93. Kd2 Rb1 94. Qc4+ Kb2 95. Qb5+ Ka2 96. Qa5+ Kb3 97. Qd5+ Kb2 98.
Qc4 Ka1 99. Qc5 Kb2 100. Qc6 Ka2 101. Kc2 Rb2+ 102. Kc3 Rb3+ 103. Kc4 Rb2 104.
Qa4+ Kb1 105. Kc3 Rh2 106. Qb5+ Ka1 107. Qa6+ Kb1 108. Qb6+ 1-0

[Event "World Blitz Women 2022"]
[Site "Almaty KAZ"]
[Date "2022.12.30"]
[Round "16.27"]
[White "Gong, Qianyun"]
[Black "Gaponenko, Inna"]
[Result "1-0"]
[WhiteTitle "WGM"]
[BlackTitle "IM"]
[WhiteElo "2299"]
[BlackElo "2341"]
[WhiteFideId "8602425"]
[BlackFideId "14101181"]
[EventDate "2022.12.29"]

1. e4 c5 2. Nc3 Nc6 3. Bb5 g6 4. Bxc6 dxc6 5. f4 Bg7 6. Nf3 Nf6 7. d3 O-O 8. O-O
Ne8 9. Qe1 f5 10. Be3 b6 11. a4 a5 12. Rd1 Nf6 13. Kh1 Qe8 14. Ne5 Be6 15. exf5
Bxf5 16. h3 Nd5 17. Bd2 Nb4 18. Rc1 Qb8 19. Nc4 Qc7 20. Ne3 Bd7 21. Nc4 b5 22.
Ne5 Be8 23. b3 Rb8 24. Ne4 bxa4 25. bxa4 Qa7 26. Be3 Na6 27. Qxa5 Qa8 28. Nxc5
Nxc5 29. Qxc5 Qxa4 30. Qxe7 Rb2 31. Qe6+ Kh8 32. c3 Re2 33. Bd4 Rb2 34. Nd7 Bxd7
35. Qxd7 Bxd4 36. cxd4 Qa2 37. Qxc6 Rf2 38. Qe4 Qd2 39. Qe5+ Kg8 40. Rfd1 Qa2
41. Rc7 Rf7 42. Qe8+ Kg7 43. Rxf7+ Qxf7 44. Qxf7+ Kxf7 45. g3 Ke6 46. Re1+ Kd5
47. Re4 Rf3 48. Kg2 Rxd3 49. h4 h5 50. Re5+ Kxd4 51. Rg5 Rd2+ 52. Kh3 Ke4 53.
Rxg6 Kf3 54. Ra6 Rd3 55. Ra5 Kf2 56. Rg5 Re3 57. f5 Rf3 58. Kh2 Rd3 59. f6 Rf3
60. Rxh5 Rxf6 61. Ra5 Kf3 62. Kh3 Rg6 63. Ra3+ Ke4 64. g4 Kf4 65. Ra4+ Ke5 66.
h5 Rg8 67. Kh4 Kf6 68. Ra6+ Kg7 69. Rg6+ Kh7 70. Rxg8 1-0

[Event "World Blitz Women 2022"]
[Site "Almaty KAZ"]
[Date "2022.12.30"]
[Round "16.28"]
[White "Fataliyeva, Ulviyya"]
[Black "Nurmanova, Alua"]
[Result "1/2-1/2"]
[WhiteTitle "IM"]
[BlackTitle "WIM"]
[WhiteElo "2428"]
[BlackElo "2191"]
[WhiteFideId "13403052"]
[BlackFideId "13729390"]
[EventDate "2022.12.29"]

1. d4 Nf6 2. Nc3 d5 3. Bf4 g6 4. e3 Bg7 5. h3 O-O 6. Nf3 c5 7. Be2 Nc6 8. O-O
cxd4 9. exd4 Qb6 10. Rb1 a6 11. b4 Qd8 12. a4 Bf5 13. b5 axb5 14. Rxb5 Na5 15.
Be5 Bd7 16. Rb1 Bc6 17. Nb5 Qd7 18. Bh2 Ne4 19. Ne5 Qc8 20. f3 Bxb5 21. fxe4
Bxe2 22. Qxe2 dxe4 23. Qxe4 Qc3 24. Rf3 Qc8 25. Rbf1 f6 26. Nd3 f5 27. Qxe7
Bxd4+ 28. Kh1 Bf6 29. Qd6 Qxc2 30. Qe6+ Kg7 31. Be5 Nc6 32. Qd7+ Kh8 33. Bxf6+
Rxf6 34. Nf4 Raf8 35. Qxb7 Qxa4 36. Nd5 R6f7 37. Qb2+ Kg8 38. Rc3 Qd4 39. Qb5
Ne5 40. Rc5 Nd3 41. Rc7 Rxc7 42. Nxc7 Nf2+ 43. Kh2 Qf4+ 44. g3 Qxc7 45. Rxf2 Rd8
46. Qb3+ Kg7 47. Re2 Rd7 48. Qe6 Rf7 49. Kg2 f4 50. Qe5+ Qxe5 51. Rxe5 fxg3 52.
Kxg3 Ra7 53. h4 Ra3+ 54. Kg2 h5 55. Rb5 Ra4 56. Kg3 Rg4+ 57. Kh3 Ra4 58. Kg3
Ra3+ 59. Kg2 Kh6 60. Rc5 Ra2+ 61. Kg3 Ra1 62. Kg2 Ra4 63. Kg3 Re4 64. Ra5 Rg4+
65. Kh3 Rf4 66. Kg3 Rf5 67. Ra6 Kg7 68. Rb6 Kf7 69. Ra6 Re5 70. Rb6 Re6 71. Rb5
Kf6 72. Ra5 Rb6 73. Rc5 Re6 74. Ra5 Re5 75. Ra8 Re6 76. Ra5 Re5 77. Ra8 Re3+ 78.
Kg2 Kf5 79. Ra5+ Re5 80. Ra4 Re4 81. Ra5+ Re5 82. Ra4 Re4 83. Ra5+ Kg4 84. Rg5+
Kxh4 85. Rxg6 Re2+ 86. Kf3 Ra2 87. Rg8 Ra3+ 88. Kg2 Ra2+ 89. Kg1 Kh3 90. Rh8 h4
91. Rh7 Ra1+ 92. Kf2 Ra4 93. Kg1 Rg4+ 94. Kh1 Rg3 95. Rh8 Ra3 96. Kg1 Ra1+ 97.
Kf2 Rh1 98. Rh7 Kg4 99. Rg7+ Kf4 100. Rf7+ Kg5 101. Rg7+ Kh6 102. Rg8 h3 103.
Rh8+ Kg5 104. Kg3 Rg1+ 105. Kh2 Ra1 106. Rxh3 1/2-1/2

[Event "World Blitz Women 2022"]
[Site "Almaty KAZ"]
[Date "2022.12.30"]
[Round "16.29"]
[White "Beydullayeva, Govhar"]
[Black "Kurmangaliyeva, Liya"]
[Result "1-0"]
[WhiteTitle "WGM"]
[BlackTitle "FM"]
[WhiteElo "2387"]
[BlackElo "2287"]
[WhiteFideId "13413015"]
[BlackFideId "13725831"]
[EventDate "2022.12.29"]

1. d4 d5 2. c4 e6 3. Nf3 Nf6 4. Nc3 Bb4 5. Bg5 dxc4 6. e4 b5 7. e5 h6 8. exf6
hxg5 9. fxg7 Rg8 10. Ne5 Rxg7 11. Be2 Bb7 12. O-O Nd7 13. Nxb5 Nb6 14. Nxc4 Nd5
15. Ne3 Kf8 16. Bf3 g4 17. Bxd5 exd5 18. Rc1 c6 19. Nc3 Qg5 20. Qd3 Bc8 21. Ne2
Bd7 22. Ng3 Bd6 23. f3 Re8 24. Rce1 gxf3 25. Rxf3 Qh4 26. Ref1 Rh7 27. h3 Bxg3
28. Rxg3 Qxg3 29. Qxh7 Qxe3+ 30. Kh1 Be6 31. Qh8+ Ke7 32. Qh4+ Kd7 33. Re1 Qxd4
34. Qxd4 Rg8 35. Qxa7+ Kd6 36. Qa3+ Kd7 37. Qa7+ Kd6 38. a4 Rg3 39. a5 Rb3 40.
a6 Rxb2 41. Qd4 Ra2 42. Qb4+ Kc7 43. Qb7+ Kd8 44. a7 1-0

[Event "World Blitz Women 2022"]
[Site "Almaty KAZ"]
[Date "2022.12.30"]
[Round "16.30"]
[White "Nurgali, Nazerke"]
[Black "Gvetadze, Sofio"]
[Result "1-0"]
[WhiteTitle "WIM"]
[BlackTitle "IM"]
[WhiteElo "2168"]
[BlackElo "2298"]
[WhiteFideId "13711261"]
[BlackFideId "13601440"]
[EventDate "2022.12.29"]

1. d4 Nf6 2. Nf3 g6 3. c4 Bg7 4. Nc3 c5 5. d5 O-O 6. e4 e6 7. Bd3 exd5 8. cxd5
Re8 9. O-O d6 10. h3 Na6 11. Re1 Nh5 12. Bg5 Qb6 13. Qd2 Bd7 14. Rab1 Rac8 15.
Bh6 Bh8 16. b3 Qb4 17. Rec1 Nc7 18. Ne2 Qxd2 19. Nxd2 Nb5 20. Nc4 Bf6 21. a4 Nd4
22. Nxd6 Rb8 23. Nxe8 Bxe8 24. Rxc5 Ng7 25. Nxd4 Bxd4 26. Rc2 f5 27. Rbc1 fxe4
28. Bxe4 Bd7 29. Rc7 Bf5 30. Bxg7 Bxg7 31. Bxf5 gxf5 32. Rc8+ Rxc8 33. Rxc8+ Kf7
34. Rc7+ 1-0

[Event "World Blitz Women 2022"]
[Site "Almaty KAZ"]
[Date "2022.12.30"]
[Round "16.31"]
[White "Kairbekova, Amina"]
[Black "Nakhbayeva, Guliskhan"]
[Result "1-0"]
[WhiteTitle "WIM"]
[BlackTitle "IM"]
[WhiteElo "2209"]
[BlackElo "2326"]
[WhiteFideId "13712799"]
[BlackFideId "13704788"]
[EventDate "2022.12.29"]

1. e4 e6 2. d4 d5 3. Nc3 Nf6 4. e5 Nfd7 5. f4 c5 6. Nf3 Nc6 7. Be3 a6 8. a3 b5
9. dxc5 Bxc5 10. Bxc5 Nxc5 11. b4 Nd7 12. Qd2 O-O 13. Nd4 Ndxe5 14. Nxc6 Nxc6
15. Bd3 Qh4+ 16. g3 Qh3 17. O-O-O Bb7 18. g4 a5 19. Nxb5 axb4 20. axb4 Ra4 21.
Rhg1 Rxb4 22. Rg3 Qh4 23. Qg2 Qf6 24. Rh3 Qxf4+ 25. Rd2 g6 26. Qg3 Ra8 27. Kd1
Ra1+ 28. Ke2 Qf1+ 29. Ke3 Re1+ 30. Re2 Re4+ 31. Bxe4 Qxe2+ 32. Kf4 Qxe4+ 33. Kg5
Qe5+ 34. Qxe5 Rxe5+ 35. Kh6 Ne7 36. Nd6 Bc6 37. Rb3 Nc8 38. Rb8 Kf8 39. Nxc8 Re3
40. Na7+ Ke7 41. Nxc6+ Kf6 42. g5+ Kf5 43. Ne7+ Kg4 44. Rb4+ Kf3 45. Kxh7 d4 46.
Kg7 e5 47. Kxf7 Ke4 48. Nxg6 Rf3+ 49. Ke7 Rh3 50. Rb5 Rh7+ 51. Kf6 Kf3 52. Nxe5+
Ke4 53. g6 Rc7 54. Nf7 Rc6+ 55. Kg7 Rxc2 56. h4 Rh2 57. h5 d3 58. Ng5+ Ke3 59.
h6 d2 60. Rd5 Rh1 61. h7 d1=Q 62. Rxd1 1-0

[Event "World Blitz Women 2022"]
[Site "Almaty KAZ"]
[Date "2022.12.30"]
[Round "16.32"]
[White "Kirchei, Viktoriia"]
[Black "Kovanova, Baira"]
[Result "0-1"]
[WhiteTitle "WFM"]
[BlackTitle "WGM"]
[WhiteElo "2070"]
[BlackElo "2317"]
[WhiteFideId "34133396"]
[BlackFideId "4164083"]
[EventDate "2022.12.29"]

1. e4 e5 2. Nf3 Nc6 3. Bb5 a6 4. Ba4 Nge7 5. c3 g6 6. d4 exd4 7. cxd4 b5 8. Bb3
Bg7 9. O-O d6 10. Nc3 O-O 11. Bg5 h6 12. Be3 Na5 13. Bc2 Nc4 14. Bc1 c5 15. b3
Na5 16. Bb2 Nac6 17. d5 Nb4 18. h3 Nxc2 19. Qxc2 g5 20. Nh2 Ng6 21. Ne2 Bxb2 22.
Qxb2 Qe7 23. Ng3 Nf4 24. Ng4 Bxg4 25. hxg4 Qe5 26. Qxe5 dxe5 27. Nf5 Kh7 28. g3
Ne2+ 29. Kg2 Nd4 30. Nd6 Rad8 31. Nb7 Rc8 32. Rac1 c4 33. bxc4 bxc4 34. Nd6 Rb8
35. Rxc4 Rb2 36. a4 Kg6 37. Rc7 Re2 38. Rc4 Rd8 39. Nb7 Rb8 40. Nd6 Rb6 41. Nc8
Rb7 42. Nd6 Rd7 43. Nc8 Rxe4 44. Nb6 Rd6 45. a5 Re2 46. Rc7 Nc2 47. Rc1 Nd4 48.
Rc8 Rf6 49. Rg8+ Kh7 50. Ra8 Rfxf2+ 51. Kh1 Rh2+ 52. Kg1 Nf3+ 53. Kf1 Ref2# 0-1

[Event "World Blitz Women 2022"]
[Site "Almaty KAZ"]
[Date "2022.12.30"]
[Round "16.33"]
[White "Petrova, Irina"]
[Black "Lhotska, Anna"]
[Result "0-1"]
[WhiteTitle "WIM"]
[BlackTitle "WFM"]
[WhiteElo "2123"]
[BlackElo "2159"]
[WhiteFideId "14124122"]
[BlackFideId "376183"]
[EventDate "2022.12.29"]

1. e4 c5 2. Nf3 d6 3. Bb5+ Nd7 4. O-O a6 5. Bxd7+ Bxd7 6. d4 cxd4 7. Qxd4 Rc8 8.
a4 Qc7 9. Nc3 e5 10. Qd3 Be6 11. Rd1 Be7 12. Be3 Nf6 13. Nd2 O-O 14. Nf1 Bc4 15.
Qd2 h6 16. a5 Qc6 17. f3 Rfd8 18. Bb6 Rd7 19. Ne3 Bd8 20. Bxd8 Rdxd8 21. Kh1 Nh5
22. Ned5 Bxd5 23. Nxd5 Kf8 24. c3 Qb5 25. Nb6 Rc6 26. c4 Qc5 27. b4 Qd4 28. Qxd4
exd4 29. Rxd4 Nf4 30. Rad1 Ne6 31. R4d2 Ke7 32. Kg1 g6 33. Kf2 h5 34. Ke3 f6 35.
g3 g5 36. f4 gxf4+ 37. gxf4 Rg8 38. Kf3 Rg4 39. Nd5+ Kf7 40. Rc1 Rh4 41. Rg2
Rh3+ 42. Kf2 Rh4 43. Kg3 Rg4+ 44. Kf3 Rh4 45. Rcc2 Rh3+ 46. Rg3 Rh4 47. h3 Nd4+
48. Kg2 Nxc2 49. Rc3 Nd4 50. Kg3 Rxf4 51. Kxf4 Ne2+ 52. Ke3 Nxc3 53. Nxc3 Rxc4
54. Nd5 Ke6 55. Kf4 Rc1 56. Kg3 Ke5 57. Kh4 Kxe4 58. Nxf6+ Kf5 59. Nxh5 Rc4+ 60.
Kg3 Rxb4 61. Ng7+ Kg6 62. Ne6 Ra4 63. Nd8 Rxa5 64. Nxb7 Ra1 65. Nxd6 a5 66. h4
a4 67. Nc4 a3 68. Ne5+ Kf5 69. Nd3 a2 70. Nb4 Rg1+ 71. Kf2 0-1

[Event "World Blitz Women 2022"]
[Site "Almaty KAZ"]
[Date "2022.12.30"]
[Round "16.34"]
[White "Enkhtuul, Altan-Ulzii"]
[Black "Nurgaliyeva, Zarina"]
[Result "0-1"]
[WhiteTitle "WGM"]
[BlackTitle "WFM"]
[WhiteElo "2285"]
[BlackElo "2013"]
[WhiteFideId "4901444"]
[BlackFideId "13730096"]
[EventDate "2022.12.29"]

1. d4 Nf6 2. Nc3 d5 3. Bf4 c5 4. e3 cxd4 5. exd4 a6 6. Nf3 Nc6 7. Qd2 h6 8. Ne5
Bf5 9. Be2 e6 10. a3 Nxe5 11. Bxe5 Bd6 12. O-O O-O 13. h3 Rc8 14. Bxd6 Qxd6 15.
Bd3 b5 16. Bxf5 exf5 17. Rfe1 Rc6 18. Re5 Ne4 19. Nxe4 fxe4 20. c3 a5 21. Qd1 f6
22. Rh5 f5 23. g4 f4 24. Qb3 Rd8 25. Re1 Kh7 26. Qxb5 Rb6 27. Qc5 Rxb2 28. Qxa5
e3 29. f3 Qg6 30. Qxd8 Qc2 31. Rxh6+ Kxh6 32. Qh8+ Kg6 33. Qe8+ Kf6 34. Qf8+ Ke6
35. Qe8+ Kd6 36. Qd8+ Kc6 37. Qc8+ Kb5 38. Qc5+ Ka4 39. Qc6+ Rb5 40. Qa6+ Ra5
41. Qe2 Qxe2 42. Rxe2 Kxa3 43. Kg2 Kb3 44. h4 Kxc3 45. g5 Kd3 46. Re1 Ra2+ 47.
Kf1 Rf2+ 48. Kg1 Rxf3 49. Rd1+ Ke4 50. Re1 Rg3+ 51. Kh2 Kxd4 52. Rf1 Ke4 53. Ra1
d4 54. Ra7 e2 55. Rxg7 Kd3 56. Re7 Re3 57. Rxe3+ Kxe3 58. Kh3 e1=Q 59. Kg4 f3
60. g6 f2 61. g7 Qg1+ 62. Kh5 f1=Q 63. g8=Q Qxg8 64. Kh6 Qf6+ 0-1

[Event "World Blitz Women 2022"]
[Site "Almaty KAZ"]
[Date "2022.12.30"]
[Round "16.35"]
[White "Sultanbek, Zeinep"]
[Black "Eric, Jovana"]
[Result "0-1"]
[WhiteTitle "WIM"]
[BlackTitle "WGM"]
[WhiteElo "1891"]
[BlackElo "2236"]
[WhiteFideId "13710419"]
[BlackFideId "938238"]
[EventDate "2022.12.29"]

1. Nf3 Nf6 2. g3 d5 3. c4 c6 4. Bg2 Bf5 5. O-O e6 6. d3 Nbd7 7. Nc3 Be7 8. Nd2
h6 9. e4 dxe4 10. dxe4 Bh7 11. h3 O-O 12. f4 Nc5 13. f5 exf5 14. exf5 Qd4+ 15.
Kh1 Nd3 16. Qe2 Rfe8 17. Nf3 Qxc4 18. Ne1 Rad8 19. Rf3 Bb4 20. Be3 Nxb2 21. Qxb2
Qxc3 22. Qf2 Qxa1 0-1

[Event "World Blitz Women 2022"]
[Site "Almaty KAZ"]
[Date "2022.12.30"]
[Round "16.36"]
[White "Shukhman, Anna"]
[Black "Serikbay, Assel"]
[Result "1/2-1/2"]
[WhiteTitle "WFM"]
[BlackTitle "WIM"]
[WhiteElo "2161"]
[BlackElo "2230"]
[WhiteFideId "54180058"]
[BlackFideId "13706799"]
[EventDate "2022.12.29"]

1. e4 c5 2. Nf3 d6 3. d4 cxd4 4. Nxd4 Nf6 5. Nc3 a6 6. Qd3 Nbd7 7. Be2 g6 8. Qg3
Bg7 9. Be3 Nc5 10. f3 O-O 11. Rd1 Qc7 12. O-O b5 13. Rfe1 Bb7 14. Bf1 Rac8 15.
Nb3 Nxb3 16. cxb3 Nd7 17. Qh4 Bf6 18. Qh3 Nc5 19. b4 Ne6 20. Nd5 Bxd5 21. exd5
Ng7 22. Rd2 Nf5 23. Bf2 Qb7 24. g4 Ng7 25. f4 e6 26. Bg2 e5 27. g5 Bd8 28. fxe5
Bxg5 29. Rde2 dxe5 30. Rxe5 Bf6 31. R5e2 Qc7 32. Qd3 Rfd8 33. Bc5 Nf5 34. Bh3
Qf4 35. Bxf5 gxf5 36. Rf1 Qc4 37. Qxc4 bxc4 38. Rxf5 Bg7 39. Rg2 f6 40. d6 Kf7
41. Rf4 Bf8 42. Rgf2 Bxd6 43. Rxf6+ Ke7 44. Rf7+ Ke6 45. R2f6+ Ke5 46. Bxd6+
Rxd6 47. Rxd6 Kxd6 48. Rxh7 Re8 49. Rh3 Re2 50. Rc3 Kd5 51. b3 Rxa2 52. bxc4+
Kd4 53. Rc1 Rb2 54. c5 Rxb4 55. c6 Rb8 56. Kg2 Rc8 57. Kg3 Rc7 58. h4 a5 59. h5
Ke5 60. Kg4 Kf6 61. Rc4 Kg7 62. Kg5 a4 63. h6+ Kh7 64. Kf6 a3 65. Ra4 Rxc6+ 66.
Ke5 Rc3 67. Kd4 1/2-1/2

[Event "World Blitz Women 2022"]
[Site "Almaty KAZ"]
[Date "2022.12.30"]
[Round "16.37"]
[White "Kaldarova, Ayaulym"]
[Black "Lu, Miaoyi"]
[Result "0-1"]
[WhiteElo "1832"]
[BlackElo "2399"]
[WhiteFideId "13720503"]
[BlackFideId "8618020"]
[EventDate "2022.12.29"]

1. Nf3 d5 2. g3 Nd7 3. d4 Nb6 4. Bg2 Bf5 5. O-O e6 6. Ne5 f6 7. Nd3 Bd6 8. f3
Bxd3 9. Qxd3 c5 10. c3 Ne7 11. e4 O-O 12. Be3 cxd4 13. cxd4 Nc4 14. Bc1 Qb6 15.
b3 Ne5 16. Qd2 N5c6 17. Bb2 dxe4 18. fxe4 e5 19. Na3 Bb4 20. Qf2 exd4 21. Nc4
Qc5 22. a3 Ba5 23. Nxa5 Qxa5 24. Bxd4 Rfd8 25. Bc5 Rd2 26. Qe3 Rad8 27. b4 Qa4
28. e5 Qc2 29. Qf3 Nxe5 30. Qe4 Qxe4 31. Bxe4 N7c6 32. h3 Re2 33. Bf5 Rdd2 34.
Be6+ Kh8 35. Rad1 Rg2+ 36. Kh1 Rh2+ 37. Kg1 Rdg2# 0-1

[Event "World Blitz Women 2022"]
[Site "Almaty KAZ"]
[Date "2022.12.30"]
[Round "16.38"]
[White "Atalik, Ekaterina"]
[Black "Bayasgalan, Khishigbaatar"]
[Result "0-1"]
[WhiteTitle "IM"]
[BlackTitle "WCM"]
[WhiteElo "2403"]
[BlackElo "1811"]
[WhiteFideId "4130189"]
[BlackFideId "4904311"]
[EventDate "2022.12.29"]

1. d4 d5 2. c4 e6 3. Nc3 Nf6 4. cxd5 exd5 5. Bg5 c6 6. e3 Be7 7. Bd3 Bg4 8. f3
Bh5 9. Nge2 Bg6 10. O-O O-O 11. Ng3 b5 12. Nf5 Bxf5 13. Bxf5 Ne8 14. Bxe7 Qxe7
15. Re1 Nd6 16. Bd3 Qf6 17. Rc1 Nd7 18. Ne2 Nc4 19. Bxc4 bxc4 20. b3 Nb6 21. Ng3
Rfd8 22. Qd2 a5 23. Red1 cxb3 24. axb3 a4 25. bxa4 Rxa4 26. e4 Nc4 27. Qc2 Rda8
28. e5 Qf4 29. Qf2 h6 30. Ne2 Qe3 31. Qxe3 Nxe3 32. Rd3 Nc4 33. f4 Ra2 34. Kf1
Rb2 35. f5 Raa2 36. Re1 Kf8 37. Nc3 Rf2+ 38. Kg1 Rxg2+ 39. Kh1 Rxh2+ 40. Kg1
Rag2+ 41. Kf1 Nd2+ 42. Rxd2 Rxd2 43. Kg1 Rhg2+ 44. Kh1 Rgf2 45. e6 fxe6 46. fxe6
Ke7 47. Na4 Rfe2 0-1

[Event "World Blitz Women 2022"]
[Site "Almaty KAZ"]
[Date "2022.12.30"]
[Round "16.39"]
[White "Foudzi, Siti Zulaikha"]
[Black "Pourkashiyan, Atousa"]
[Result "0-1"]
[WhiteTitle "WIM"]
[BlackTitle "WGM"]
[WhiteElo "2136"]
[BlackElo "2321"]
[WhiteFideId "5700965"]
[BlackFideId "12502014"]
[EventDate "2022.12.29"]

1. e4 c5 2. Nf3 e6 3. d4 cxd4 4. Nxd4 a6 5. c4 Nf6 6. Nc3 d6 7. Be3 Qc7 8. f3
Nbd7 9. Be2 b6 10. O-O Bb7 11. Qd2 Be7 12. Rfc1 O-O 13. b4 Ne5 14. a4 Rac8 15.
a5 bxa5 16. b5 Rfe8 17. Na4 Nfd7 18. b6 Qd8 19. Qxa5 Nc5 20. Nxc5 Rxc5 21. Qb4
Bf6 22. f4 Ng6 23. e5 Be7 24. Nf3 Rc8 25. exd6 Bxd6 26. c5 Bf8 27. Bxa6 Bd5 28.
Bxc8 Qxc8 29. Ne5 Nxe5 30. fxe5 f6 31. Ra7 fxe5 32. b7 Qc7 33. Rb1 Rb8 34. Qb6
Qf7 35. Rf1 Qg6 36. Rf2 Qd3 37. c6 Bxc6 38. Ra8 Rxa8 39. bxa8=Q Bxa8 40. Rxf8+
Kxf8 41. Qb8+ Kf7 42. Qc7+ Kg6 43. Bf2 Qd1+ 0-1

[Event "World Blitz Women 2022"]
[Site "Almaty KAZ"]
[Date "2022.12.30"]
[Round "16.40"]
[White "Schulze, Lara"]
[Black "Assylkhan, Asiya"]
[Result "1-0"]
[WhiteTitle "FM"]
[WhiteElo "2284"]
[BlackElo "1430"]
[WhiteFideId "12956830"]
[BlackFideId "13752707"]
[EventDate "2022.12.29"]

1. e4 c6 2. d4 d5 3. exd5 cxd5 4. Nf3 Bf5 5. Ne5 Nf6 6. Bb5+ Nbd7 7. O-O a6 8.
Ba4 b5 9. Bb3 e6 10. a4 Nxe5 11. dxe5 Nd7 12. Qe2 b4 13. c3 Qc7 14. Bf4 Nc5 15.
Bc2 Bxc2 16. Qxc2 Nd7 17. Qb3 Nxe5 18. cxb4 Bd6 19. Bg3 Nc4 20. Bxd6 Qxd6 21.
Rd1 Qb6 22. Nc3 1-0

[Event "World Blitz Women 2022"]
[Site "Almaty KAZ"]
[Date "2022.12.30"]
[Round "16.41"]
[White "Kaliakhmet, Elnaz"]
[Black "Yao, Lan"]
[Result "1-0"]
[WhiteTitle "WFM"]
[BlackTitle "WIM"]
[WhiteElo "1786"]
[BlackElo "2271"]
[WhiteFideId "13730169"]
[BlackFideId "8610835"]
[EventDate "2022.12.29"]

1. d4 Nf6 2. c4 e6 3. Nf3 b6 4. g3 Bb7 5. Bg2 Be7 6. O-O O-O 7. Nc3 Ne4 8. Qc2
Nxc3 9. Qxc3 d6 10. b4 Nd7 11. Bb2 Qe8 12. Qc2 f5 13. Ne1 Bxg2 14. Nxg2 e5 15.
c5 bxc5 16. bxc5 exd4 17. cxd6 Bxd6 18. Bxd4 Qh5 19. Bb2 Nf6 20. Qb3+ Kh8 21.
Qf3 Ng4 22. h4 f4 23. gxf4 Qg6 24. e3 Rab8 25. Bd4 Ne5 26. Qg3 Ng4 27. f3 Nf6
28. Qxg6 hxg6 29. Bxa7 Rb2 30. Bd4 Rc2 31. a4 c5 32. Bxf6 gxf6 33. a5 Ra8 34. a6
Rb2 35. Ra4 Rb6 36. a7 Rb7 37. Rfa1 Rc7 38. Ra6 Be7 39. Ne1 c4 40. Nc2 Bc5 41.
Kf2 Kg7 42. Ke2 Raxa7 43. Rxa7 Bxa7 44. Kd2 Bb6 45. Kc3 Bc5 46. Rd1 Be7 47. Rd4
Rc8 48. Rxc4 Rh8 49. Rc7 Kf7 50. Nd4 Rxh4 51. Nc6 Ke6 52. Nxe7 Rh3 53. Kd4 Rxf3
54. Nd5 g5 55. Rc6+ Kd7 56. Rxf6 gxf4 57. exf4 Ra3 58. f5 Ra1 59. Rh6 Ke8 60.
Ke5 Ra5 61. Rh7 Kf8 62. f6 Ra6 63. Nf4 Ra5+ 64. Ke6 Ra6+ 65. Kf5 Ra1 66. Ng6+
Ke8 67. f7+ 1-0

[Event "World Blitz Women 2022"]
[Site "Almaty KAZ"]
[Date "2022.12.30"]
[Round "16.42"]
[White "Samaganova, Aleksandra"]
[Black "Tereladze, Sopio"]
[Result "0-1"]
[WhiteTitle "WFM"]
[BlackTitle "WIM"]
[WhiteElo "1884"]
[BlackElo "2215"]
[WhiteFideId "13800221"]
[BlackFideId "13600486"]
[EventDate "2022.12.29"]

1. c4 f5 2. Nc3 Nf6 3. g3 e6 4. Bg2 d5 5. cxd5 exd5 6. d4 c6 7. Nf3 Bd6 8. O-O
O-O 9. Ne5 Nbd7 10. f4 Re8 11. h3 Nf8 12. a3 a5 13. Rb1 Be6 14. b4 axb4 15. axb4
Ne4 16. Nxe4 dxe4 17. b5 Qb6 18. Be3 cxb5 19. Qd2 Bd5 20. Rb2 b4 21. Kh2 b3 22.
g4 fxg4 23. hxg4 Qb4 24. Rfb1 Qxd2 25. Rxd2 Ra2 26. g5 g6 27. Ng4 Nd7 28. Bh3
Kg7 29. Ne5 Nf8 30. Ng4 Rxd2 31. Bxd2 e3 32. Bc3 Bxf4+ 33. Kg1 Nd7 34. Nh2 Nb6
35. Nf3 Nc4 36. Rxb3 Nd2 37. Rb5 Bxf3 38. exf3 Nxf3+ 39. Kf1 Re7 40. d5+ Kf7 41.
Be6+ Ke8 42. Ke2 Ng1+ 43. Kd3 Bxg5 44. Be1 Nf3 45. Ke2 Nd4+ 46. Kd3 Nxb5 47. Bb4
Rxe6 48. dxe6 Nc7 0-1